00899nam a2200265 i 4500001000300000003000400003005001700007008003900024015001700063020001500080040001400095041000800109080000800117080001200125100003000137245013500167250001400302260006100316300004100377504002400418655003000442650002200472710004200494856009700536bgBPK20200630132815.0990506s1984 pl a f f |000 0 pol aPB 1984/5387 a8301035978 aWA NcBPK0 apol a678 a(075.8)1 aHyla, Izabellad(1931- ).10aTworzywa sztuczne :bwłasności, przetwórstwo, zastosowanie : [skrypt dla studentów szkół technicznych] /cIzabella Hyla. a[Wyd. 2]. aWarszawa ;aŁódź :bPańst. Wydaw. Naukowe,c1984. a175, [1] s. :brys., wykr. ;c24 cm. aBibliogr. s. [176]. 4aPodręczniki akademickie 4aTworzywa sztuczne2 aPaństwowe Wydawnictwo Naukowe4pbl. uhttp://koha.tu.koszalin.pl/cgi-bin/koha/opac-detail.pl?biblionumber=1171yKatalog online BPK